| 000 | 00486nam a2200181 a 4500 | ||
|---|---|---|---|
| 005 | 20140311163035.0 | ||
| 008 | 110122s19uu xx 00 eng d | ||
| 020 | _a978078112072 | ||
| 050 |
_aHF 5823 _b.P986 2011 |
||
| 100 | _aPurvis, Scott C. | ||
| 245 |
_aWhich Ad pulled best?. / _cScott C. Purvis |
||
| 260 |
_aNew York : _bMcGrawHill, _c2011. |
||
| 300 |
_a86 p. : _bill. col. ; _c26 cm. |
||
| 521 | _aMC | ||
| 650 | _aAdvertising. | ||
| 942 |
_cBK _2lcc _kFOR |
||
| 999 |
_c39670 _d39670 |
||